书目信息 |
| 题名: |
暖云
|
|
| 作者: | 周筠珺 , 赵鹏国 , 肖辉 著 | |
| 分册: | ||
| 出版信息: | 北京 科学出版社 2017.11 |
|
| 页数: | 104页 | |
| 开本: | 26cm | |
| 丛书名: | ||
| 单 册: | ||
| 中图分类: | P426.6 | |
| 科图分类: | ||
| 主题词: | 降水 | |
| 电子资源: | ||
| ISBN: | 978-7-03-055726-1 | |
| 000 | 00858nam0 2200241 450 | |
| 001 | 4230 | |
| 005 | 20181011081046.45 | |
| 010 | @a978-7-03-055726-1@dCNY69.00 | |
| 100 | @a20180513d2017 em y0chiy50 ea | |
| 101 | 0 | @achi |
| 102 | @aCN@b110000 | |
| 105 | @aa z 000yy | |
| 200 | 1 | @a暖云@9nuan yun@f周筠珺等著@Fzhou jun jun deng zhu |
| 210 | @a北京@c科学出版社@d2017.11 | |
| 215 | @a104页@c图@d26cm | |
| 330 | @a本书基于国家气象灾害防灾减灾的现实需求,将灾害性天气发生的主要载体之一的“暖云”作为主要研究对象,重点对暖云和降水主要物理学特征中的基本概念、关键科学问题及其相应解决问题的核心技术与方法,进行了系统、全面和详细的介绍。 | |
| 606 | 0 | @a降水 |
| 690 | @aP426.6@v5 | |
| 701 | 0 | @a周筠珺@9zhou jun jun@4著 |
| 701 | 0 | @a赵鹏国@9zhao peng guo@4著 |
| 701 | 0 | @a肖辉@9xiao hui@4著 |
| 801 | 0 | @aCN@b91MARC@c20180513 |
| 905 | @aMuseLib@dP426.6@e118 | |
| 暖云/周筠珺等著.-北京:科学出版社,2017.11 |
| 104页:图;26cm |
| ISBN 978-7-03-055726-1:CNY69.00 |
| 本书基于国家气象灾害防灾减灾的现实需求,将灾害性天气发生的主要载体之一的“暖云”作为主要研究对象,重点对暖云和降水主要物理学特征中的基本概念、关键科学问题及其相应解决问题的核心技术与方法,进行了系统、全面和详细的介绍。 |
| ● |
| 相关链接 |
|
|
|
|
正题名:暖云
索取号:P426.6/118
 
预约/预借
| 序号 | 登录号 | 条形码 | 馆藏地/架位号 | 状态 | 备注 |
| 1 | 1124141 | 211241413 | 第二样本阅览室/ [索取号:P426.6/118] | 在馆 | |
| 2 | 1124142 | 211241422 | 资源管理系资料室/ [索取号:P426.6/118] | 在馆 | |
| 3 | 1124143 | 211241431 | 第三借阅区/ [索取号:P426.6/118] | 在馆 | |
| 4 | 1124144 | 211241440 | 第三借阅区/ [索取号:P426.6/118] | 在馆 | |
| 5 | 1124145 | 211241459 | 第三借阅区/ [索取号:P426.6/118] | 在馆 |